| 000 | 00355nam a2200121Ia 4500 | ||
|---|---|---|---|
| 008 | 211119s9999||||xx |||||||||||||| ||und|| | ||
| 082 |
_a894.8124 _bGAN-U |
||
| 100 | _aGangadharan, M | ||
| 245 | 0 | _aUnarvinte Lahariyilekku | |
| 260 |
_bD c Books _a2012 _cKottayam |
||
| 650 |
_aMalayalam Literature _vMalayalam EssaysMalayalam _xGeneral Stack |
||
| 942 | _cBOOK | ||
| 999 |
_c116467 _d116467 |
||